Sus mejores cuentos
Shranjeno v:
| Glavni avtor: | |
|---|---|
| Format: | Knjiga |
| Jezik: | španščina |
| Izdano: |
Santiago
Nascimento
1936
|
| Teme: | |
| Oznake: |
Označite
Brez oznak, prvi označite!
|
MARC
| LEADER | 00000nam a2200000 a 4500 | ||
|---|---|---|---|
| 001 | UCU2386 | ||
| 003 | CL-VaPUC | ||
| 008 | 960426e19360000CL |||||||||||||||||spa|d | ||
| 082 | 0 | 4 | |a Cu863 |b HER |2 21 |
| 100 | |a Hernández Catá, Alfonso |e author |9 378343 | ||
| 245 | 1 | 0 | |a Sus mejores cuentos |
| 300 | |a 484 p | ||
| 942 | |c BK | ||
| 945 | |d 19960426 00:00:00 |a rleighto | ||
| 260 | |a Santiago |b Nascimento |c 1936 | ||
| 650 | 0 | |a Cuentos cubanos |9 315673 | |
| 583 | |a last modification |c 19960426 00:00:00 |k Rodrigo Vera | ||
| 999 | |c 246687 |d 246685 | ||
| 952 | |0 0 |1 0 |4 0 |6 CU_863_000000000000000_HER_1936 |7 0 |8 A |9 261871 |a BIBEDU |b BIBEDU |d 2019-11-19 |i 3194949 |o Cu863 HER 1936 |p 3194949 |r 2019-11-19 |w 2019-11-19 |y BK |k LIT | ||